000 00327 a2200145 4500
001 150780
040 _cEscola São Tomás de Aquino
100 _aDONEY, Meryl
240 1 0 _aNaamã e a pequena serva
_lpor
245 1 0 _aNaamã e a pequena serva
362 0 _a1993
440 1 _aEdiouro
697 _aRELIGIÃO
942 _cBK
999 _c150780
_d150780